De-Lovely
An original musical portrait of American composer Cole Porter, filled with his unforgettable songs. Porter looks back on his life as if it were one of his spectacular stage shows, with the people and events of his life becoming the actors and actions onstage. Through elaborate production numbers and popular hits, Porter's elegant, excessive past comes to light - including his deeply complicated relationship with his wife, Linda Lee Porter, who was his inspiration.
Record details
- ISBN: 0792863658
- ISBN: 0792863631
- ISBN: 9780792863632
- ISBN: 9780792863656
- Physical Description: 1 videodisc (approximately 125 min.) : sound, color ; 4 3/4 in.
- Edition: Special ed.
- Publisher: [United States] : MGM Home Entertainment, ©2004.
Content descriptions
| General Note: | Special features: deleted scenes; audio commetary by director Irwin Wnkler and Kevin Kline; audio commentary by director Irwin Winkler and writer Jay Cocks; "Making of De-Lovely" featurette; "Music of De-Lovely" featurette; "Anatomy of a scene: Be a clown" featurette; "Anatomy of a scene: Love for sale" featurette; original theatrical trailer; soundtrack TV spot. Title from container. |
| Formatted Contents Note: | Special features include: deleted scenes; audio commentary by director Irwin Wnkler and Kevin Kline; audio commentary by director Irwin Winkler and writer Jay Cocks; "Making of De-Lovely" featurette; "Music of De-Lovely" featurette; "Anatomy of a scene: Be a clown" featurette; "Anatomy of a scene: Love for sale" featurette; original theatrical trailer; soundtrack TV spot. |
| Restrictions on Access Note: | Restricted: For teaching purposes only. |
| Creation/Production Credits Note: | Director of photography, Tony Pierce-Roberts ; art director, John Hill ; editor, Julie Monroe ; original music, Cole Porter ; costume designer, Janty Yates ; production designer, Eve Stewart ; visual effects supervisors, Chris Brown, Simon Frame. |
| Participant or Performer Note: | Kevin Kline, Ashley Judd, Jonathan Pryce, Kevin McNally, Sandra Nelson, Allan Corduner, Peter Polycarpou, Keith Allen, James Wilby. |
| Target Audience Note: | Canadian home video rating: PG; mature theme, course language. |
| System Details Note: | DVD, region 1, widescreen presentation; Dolby Digital 5.1 surround. |
| Language Note: | English, French, Spanish; English, French, Spanish subtitles; closed-captioned. |
Search for related items by subject
| Subject: | Porter, Cole, 1891-1964. Composers > United States. Husband and wife. |
| Genre: | Musical > Feature. Feature films. Video recordings for the hearing impaired. Films for the hearing impaired. |
Available copies
- 1 of 1 copy available at scottsboropl.
Holds
- 0 current holds with 1 total copy.
Show Only Available Copies
| Location | Call Number / Copy Notes | Barcode | Shelving Location | Status | Due Date |
|---|---|---|---|---|---|
| scottsboropl | DVD De-l | 32269001270449 | Adult - DVD | Available | - |
| LDR | 05779cgm a2200985 a 4500 | ||
|---|---|---|---|
| 001 | 165272 | ||
| 003 | SBPL | ||
| 005 | 20250122164245.0 | ||
| 008 | 041005s2004 cau125 g vleng d | ||
| 007 | vd cvaizq | ||
| 016 | . | ‡a20064007618E | |
| 016 | . | ‡a20064007634E | |
| 020 | . | ‡a0792863658 | |
| 020 | . | ‡a0792863631 | |
| 020 | . | ‡a9780792863632 | |
| 020 | . | ‡a9780792863656 | |
| 024 | 1 | . | ‡a027616918000 |
| 024 | 0 | 0. | ‡a027616914378 |
| 028 | 4 | 0. | ‡a1007718 ‡bMGM Home Entertainment |
| 028 | 4 | 2. | ‡a1007718 ‡bMGM Home Entertainment |
| 028 | 4 | 0. | ‡a1007346 ‡bMGM Home Entertainment |
| 035 | . | ‡a(OCoLC)1015585624 | |
| 037 | . | ‡bMidwest Tapes ‡nhttp://www.midwesttapes.com | |
| 050 | 4. | ‡aPN1997.2 ‡b.D45 2004 | |
| 055 | 0 | 2. | ‡aPN1997.2* |
| 055 | 0 | 7. | ‡aDVD 1072 |
| 082 | 0 | 4. | ‡a791.43/72 ‡222 |
| 245 | 0 | 0. | ‡aDe-Lovely |
| 246 | 3 | . | ‡aDe-Lovely (version française) |
| 250 | . | ‡aSpecial ed. | |
| 260 | . | ‡a[United States] : ‡bMGM Home Entertainment, ‡c©2004. | |
| 300 | . | ‡a1 videodisc (approximately 125 min.) : ‡bsound, color ; ‡c4 3/4 in. | |
| 336 | . | ‡atwo-dimensional moving image ‡btdi ‡2rdacontent | |
| 337 | . | ‡avideo ‡bv ‡2rdamedia | |
| 338 | . | ‡avideodisc ‡bvd ‡2rdacarrier | |
| 500 | . | ‡aSpecial features: deleted scenes; audio commetary by director Irwin Wnkler and Kevin Kline; audio commentary by director Irwin Winkler and writer Jay Cocks; "Making of De-Lovely" featurette; "Music of De-Lovely" featurette; "Anatomy of a scene: Be a clown" featurette; "Anatomy of a scene: Love for sale" featurette; original theatrical trailer; soundtrack TV spot. | |
| 500 | . | ‡aTitle from container. | |
| 508 | . | ‡aDirector of photography, Tony Pierce-Roberts ; art director, John Hill ; editor, Julie Monroe ; original music, Cole Porter ; costume designer, Janty Yates ; production designer, Eve Stewart ; visual effects supervisors, Chris Brown, Simon Frame. | |
| 511 | 1 | . | ‡aKevin Kline, Ashley Judd, Jonathan Pryce, Kevin McNally, Sandra Nelson, Allan Corduner, Peter Polycarpou, Keith Allen, James Wilby. |
| 520 | . | ‡aAn original musical portrait of American composer Cole Porter, filled with his unforgettable songs. Porter looks back on his life as if it were one of his spectacular stage shows, with the people and events of his life becoming the actors and actions onstage. Through elaborate production numbers and popular hits, Porter's elegant, excessive past comes to light - including his deeply complicated relationship with his wife, Linda Lee Porter, who was his inspiration. | |
| 521 | 8 | . | ‡aCanadian home video rating: PG; mature theme, course language. |
| 538 | . | ‡aDVD, region 1, widescreen presentation; Dolby Digital 5.1 surround. | |
| 546 | . | ‡aEnglish, French, Spanish; English, French, Spanish subtitles; closed-captioned. | |
| 506 | . | ‡aRestricted: For teaching purposes only. | |
| 505 | 2 | . | ‡aSpecial features include: deleted scenes; audio commentary by director Irwin Wnkler and Kevin Kline; audio commentary by director Irwin Winkler and writer Jay Cocks; "Making of De-Lovely" featurette; "Music of De-Lovely" featurette; "Anatomy of a scene: Be a clown" featurette; "Anatomy of a scene: Love for sale" featurette; original theatrical trailer; soundtrack TV spot. |
| 600 | 1 | 0. | ‡aPorter, Cole, ‡d1891-1964. |
| 650 | 0. | ‡aComposers ‡zUnited States. | |
| 650 | 0. | ‡aHusband and wife. | |
| 655 | 4. | ‡aMusical ‡vFeature. | |
| 655 | 7. | ‡aFeature films. ‡2lcgft | |
| 655 | 7. | ‡aVideo recordings for the hearing impaired. ‡2lcgft | |
| 655 | 7. | ‡aFilms for the hearing impaired. ‡2lcgft | |
| 700 | 1 | . | ‡aPorter, Cole, ‡d1891-1964. ‡1https://id.oclc.org/worldcat/entity/E39PBJjMBQqwPPCCqxjcMMM3wC |
| 700 | 1 | . | ‡aPryce, Jonathan. |
| 700 | 1 | . | ‡aKline, Kevin. |
| 700 | 1 | . | ‡aMcNally, Kevin. |
| 700 | 1 | . | ‡aJudd, Ashley. |
| 700 | 1 | . | ‡aWinkler, Irwin. |
| 700 | 1 | . | ‡aPierce-Roberts, Tony. |
| 700 | 1 | . | ‡aNelson, Sandra. |
| 710 | 2 | . | ‡aMGM Home Entertainment Inc. ‡1https://id.oclc.org/worldcat/entity/E39QH7JmqfFG6vpPgXvK4JGqp6 |
| 758 | . | ‡ihas work: ‡aDe-Lovely (MovingImage) ‡1https://id.oclc.org/worldcat/entity/E39PCH7yCpVPm3BffF6m34C333 ‡4https://id.oclc.org/worldcat/ontology/hasWork | |
| 901 | . | ‡a165272 ‡bAUTOGEN ‡c165272 ‡tbiblio | |